Summa theologiae moralis iuxta codicem iuris canonice: scholarum usui

में बचाया:
ग्रंथसूची विवरण
मुख्य लेखक: Noldin, H. (Hieronymus) (लेखक)
स्वरूप: पुस्तक
भाषा:लैटिन
प्रकाशित: Ratisbona Oeniponte 1924
संस्करण:17a. ed
विषय:
टैग: टैग जोड़ें
कोई टैग नहीं, इस रिकॉर्ड को टैग करने वाले पहले व्यक्ति बनें!

MARC

LEADER 00000cam a2200000 a 4500
001 UCD1650
003 CL-VaPUC
008 160324e19240000gw |||||||||||||||||lat|d
082 0 4 |a 241  |b NOL  |2 21 
100 |a Noldin, H.  |q (Hieronymus)  |e author  |9 585034 
245 1 0 |a Summa theologiae moralis iuxta codicem iuris canonice: scholarum usui 
250 |a 17a. ed 
300 |a v 
942 |c BK 
945 |d 20160324 12:59:00  |a dcastane 
260 |a Ratisbona  |b Oeniponte  |c 1924 
500 |a v.1: de principiis 
650 0 |a Valores morales   |9 310604 
650 0 |a Teología cristiana  |9 308336 
583 |a last modification  |c 20160324 12:59:00  |k Rodrigo Vera 
999 |c 362921  |d 362919 
952 |0 0  |1 0  |3 erd  |4 0  |6 241_000000000000000_NOL_1924  |7 0  |8 P  |9 474532  |a BIBTEO  |b BIBTES  |c TEO_FTES  |h v.1  |i 5277698  |o 241 NOL 1924  |p 5277698  |r 2024-01-18  |w 2019-11-24  |y BK  |z Catalogado en:20160324  |k ICR